Battesimo, sì.... ma dopo? (Record no. 211120)

MARC details
000 -LEADER
fixed length control field 01392nam a2200217Ia 4500
001 - CONTROL NUMBER
control field b5969-41362
003 - CONTROL NUMBER IDENTIFIER
control field IT-MiCISF
008 - FIXED-LENGTH DATA ELEMENTS--GENERAL INFORMATION
fixed length control field 161014s9999||||xx |||||||||||||| ||und||
040 ## - CATALOGING SOURCE
Original cataloging agency IT-MiCISF
Transcribing agency IT-MiCISF
041 ## - LANGUAGE CODE
Language code of text/sound track or separate title it
999 ## - SYSTEM CONTROL NUMBERS (KOHA)
Koha Dewey Subclass [OBSOLETE] si
100 ## - MAIN ENTRY--PERSONAL NAME
Personal name Biader Gabriella
245 #0 - TITLE STATEMENT
Title Battesimo, sì.... ma dopo?
Remainder of title Strumenti per un percorso di fede con genitori e bambini 0-6 anni
250 ## - EDITION STATEMENT
Edition statement 1a ed.
260 ## - PUBLICATION, DISTRIBUTION, ETC. (IMPRINT)
Place of publication, distribution, etc. Bologna
Name of publisher, distributor, etc. Dehoniane
Date of publication, distribution, etc. 2005
300 ## - PHYSICAL DESCRIPTION
Extent pp. 134
500 ## - GENERAL NOTE
General note / pastorale-sacramenti, chiesa-locale, catechesi, comunità, chiesa-domestica, famiglia, educazione-religiosa / Alla nascita di un figlio, spesso i genitori si pongono l'interrogativo se battezzarlo o no. La comunità cristiana può cogliere questo momento come particolarmente propizio per un contatto con i genitori: la nascita di un figlio - soprattutto se si tratta del primo - comporta nella coppia una ridefinizione di rapporti e di identità. Seguire da vicino, con discrezione e sensibilità, questa evoluzione, può far capire che la comunità cristiana è vicina alla vita dei genitori. Il volume offre quindi criteri pastorali, indicazioni catechetiche e pedagogiche - nate da una sperimentazione all'interno delle Chiese locali di Firenze e Milano - per affrontare questo percorso.
650 ## - SUBJECT ADDED ENTRY--TOPICAL TERM
Topical term or geographic name as entry element Temi di pastorale / pastorale
Relator term 012
700 ## - ADDED ENTRY--PERSONAL NAME
Personal name Noceti Serena
942 ## - ADDED ENTRY ELEMENTS (KOHA)
Koha item type LIBRO
957 ## -
-- 1
999 ## - SYSTEM CONTROL NUMBERS (KOHA)
-- 1
Holdings
Withdrawn status Lost status Damaged status Not for loan Home library Current library Date acquired Total Checkouts Full call number Date last seen Price effective from Koha item type Public note
    Buone Condizioni Not For Loan CISF - Milano CISF - Milano 14/10/2016   b5969-41362 14/10/2016 14/10/2016 LIBRO Data import 15.10.2016 / by Epidotti, Vaglietti
CREDITS: SOCIETA' SAN PAOLO Via A.Severo, 58 - ROMA (RM) & PERIODICI SAN PAOLO SRL Via Giotto, 36 MILANO & CISF Via Giotto, 36 MILANO & EDIZIONI SAN PAOLO SRL,  Piazza Soncino, 5 CINISELLO BALSAMO (MI) -- ITALY